EpiWear: A wearable for accurate and timely detection of epileptic seizures (Record no. 13623)
[ view plain ]
| 000 -LEADER | |
|---|---|
| fixed length control field | 00644nam a22001937a 4500 |
| 003 - CONTROL NUMBER IDENTIFIER | |
| control field | NUST |
| 038 ## - RECORD CONTENT LICENSOR | |
| Staff Name | M Shaban |
| 082 ## - DEWEY DECIMAL CLASSIFICATION NUMBER | |
| Classification number | BEE-4 AHM |
| 100 ## - MAIN ENTRY--PERSONAL NAME | |
| Personal name | Abdullah Ahmed |
| 9 (RLIN) | 92107 |
| 245 ## - TITLE STATEMENT | |
| Title | EpiWear: A wearable for accurate and timely detection of epileptic seizures |
| 260 ## - PUBLICATION, DISTRIBUTION, ETC. | |
| Place of publication, distribution, etc. | Islamabad |
| Name of publisher, distributor, etc. | NUST-SEECS |
| Date of publication, distribution, etc. | 2016 |
| 300 ## - PHYSICAL DESCRIPTION | |
| Extent | 110p. |
| Other physical details | 27cm. |
| Accompanying material | CD ROM Include |
| 500 ## - GENERAL NOTE | |
| General note | Supervisors: Dr. Hammad Cheema, Dr. Awais Kamboh, Dr. Faisal Shafait |
| 700 ## - ADDED ENTRY--PERSONAL NAME | |
| Personal name | Waqas Ahmed |
| 9 (RLIN) | 13741 |
| 700 ## - ADDED ENTRY--PERSONAL NAME | |
| Personal name | Muhammad Jazib Khan |
| 9 (RLIN) | 92108 |
| 700 ## - ADDED ENTRY--PERSONAL NAME | |
| Personal name | Shoaib Ahmed Siddiqui |
| 9 (RLIN) | 92109 |
| 856 ## - ELECTRONIC LOCATION AND ACCESS | |
| Uniform Resource Identifier | <a href=" http://10.250.8.41:8080/xmlui/handle/123456789/10692"> http://10.250.8.41:8080/xmlui/handle/123456789/10692</a> |
| 942 ## - ADDED ENTRY ELEMENTS (KOHA) | |
| Koha item type | Project Report |
| Source of classification or shelving scheme | |
| Withdrawn status | Lost status | Source of classification or shelving scheme | Damaged status | Not for loan | Permanent Location | Current Location | Shelving location | Date acquired | Source of acquisition | Full call number | Barcode | Date last seen | Price effective from | Koha item type |
|---|---|---|---|---|---|---|---|---|---|---|---|---|---|---|
| Central Library (CL) | Central Library (CL) | General Stacks | 07/22/2016 | NUST-SEECS | BEE-4 AHM | SEECSP01869 | 09/07/2016 | 01/05/2017 | Project Report |
